[Event "FRA-chT2 0910"]
[Site "France"]
[Date "2009.12.13"]
[Round "6.7"]
[White "L'Huillier, Helene"]
[Black "Brieussel, Benoit"]
[Result "0-1"]
[WhiteElo "1937"]
[BlackElo "1900"]
[PlyCount "126"]
[EventDate "2009.09.27"]
[EventType "team-tourn"]
[EventRounds "11"]
[EventCountry "FRA"]
[SourceTitle "EXT 2011"]
[Source "ChessBase"]
[SourceDate "2010.11.26"]
[SourceVersion "1"]
[SourceVersionDate "2010.11.26"]
[SourceQuality "1"]

1. d4 Nf6 2. Nf3 b6 3. c4 e6 4. Nc3 Bb4 5. Bg5 h6 6. Bh4 0-0 7. e3 Bb7 8. Bd3 c5 9. a3 Bxc3+ 10. bxc3 g5 11. Bg3 Ne4 12. Bxe4 Bxe4 13. Bd6 Re8 14. Ne5 Nc6 15. Ng4 Kh7 16. d5 exd5 17. cxd5 f5 18. dxc6 fxg4 19. c7 Qf6 20. 0-0 Re6 21. Bxc5 d6 22. Bd4 Qf5 23. f3 gxf3 24. gxf3 Bc6 25. Qb1 Qxb1 26. Raxb1 Rc8 27. a4 Rxc7 28. a5 bxa5 29. Rb8 a6 30. Rh8+ Kg6 31. Rg8+ Kh7 32. Rh8+ Kg6 33. f4 gxf4 34. Rg8+ Kh7 35. Rh8+ Kg6 36. Rxf4 Kh5 37. Rf5+ Kg4 38. Rf4+ Kg5 39. Rg8+ Kh5 40. Rf5+ Kh4 41. Bf6+ Rxf6 42. Rxf6 Kh5 43. Rf5+ Kh4 44. Rf4+ Kh5 45. Rf5+ Kh4 46. Rf6 Kh5 47. Rxd6 Bb5 48. Rgg6 Rxc3 49. Rxh6+ Kg5 50. h4+ Kg4 51. Rdg6+ Kf3 52. Rf6+ Kxe3 53. Rh8 a4 54. Re6+ Kd2 55. h5 a3 56. Rd8+ Kc2 57. Re1 Bd3 58. Rf8 Kb2 59. Rf2+ Bc2 60. Rff1 a2 61. Kf2 Bb1 62. Re2+ Rc2 63. Rxc2+ Kxc2 0-1

[Event "FRA-chT2 0910"]
[Site "France"]
[Date "2009.10.04"]
[Round "1.8"]
[White "L'Huillier, Helene"]
[Black "Miller, Sophie"]
[Result "1-0"]
[WhiteElo "1937"]
[BlackElo "1810"]
[PlyCount "81"]
[EventDate "2009.09.27"]
[EventType "team-tourn"]
[EventRounds "11"]
[EventCountry "FRA"]
[SourceTitle "EXT 2011"]
[Source "ChessBase"]
[SourceDate "2010.11.26"]
[SourceVersion "1"]
[SourceVersionDate "2010.11.26"]
[SourceQuality "1"]

1. d4 d5 2. Nf3 Nf6 3. c4 Bg4 4. cxd5 Bxf3 5. exf3 Nxd5 6. Nc3 e6 7. Bc4 g6 8. Nxd5 exd5 9. Qe2+ Be7 10. Qe5 0-0 11. Qxd5 Bb4+ 12. Kf1 Qxd5 13. Bxd5 Re8 14. Be3 c6 15. Bb3 Nd7 16. a3 Ba5 17. g3 Kg7 18. Kg2 Rad8 19. Rhd1 Bb6 20. Rd3 Nf8 21. Rad1 Rd7 22. d5 c5 23. Ba4 Rxe3 24. fxe3 Rd6 25. e4 f6 26. f4 Bd8 27. e5 fxe5 28. fxe5 Rb6 29. Rb3 Rxb3 30. Bxb3 b5 31. Re1 c4 32. Bd1 h5 33. Kf3 g5 34. h3 Kf7 35. Ke4 h4 36. gxh4 gxh4 37. Bh5+ Ke7 38. d6+ Kd7 39. Kd5 Nh7 40. e6+ Kc8 41. Kc6 1-0

[Event "FRA-chT2 North 0809"]
[Site "France"]
[Date "2009.03.15"]
[Round "9.8"]
[White "L'Huillier, Helene"]
[Black "Cohen Codar, Isabelle"]
[Result "1-0"]
[WhiteElo "1961"]
[BlackElo "1240"]
[PlyCount "59"]
[EventDate "2008.10.19"]
[EventType "tourn"]
[EventRounds "11"]
[EventCountry "FRA"]
[SourceTitle "EXT 2010"]
[Source "ChessBase"]
[SourceDate "2010.11.25"]
[SourceVersion "1"]
[SourceVersionDate "2010.11.25"]
[SourceQuality "1"]
[WhiteTeam "Le Touquet"]
[BlackTeam "Saint Mande"]
[WhiteTeamCountry "FRA"]
[BlackTeamCountry "FRA"]

1. d4 e6 2. Nf3 d5 3. c4 c5 4. Nc3 Nf6 5. Bg5 Nbd7 6. cxd5 h6 7. dxe6 fxe6 8. Bh4 a6 9. e3 Bd6 10. Qb3 Qe7 11. Ne4 0-0 12. Bc4 Nxe4 13. Bxe7 Bxe7 14. Bxe6+ Kh8 15. Bxd7 Bxd7 16. Qxb7 Nf6 17. Ne5 Rab8 18. Ng6+ Kh7 19. Nxf8+ Bxf8 20. Qxb8 Be7 21. Qe5 Bf8 22. dxc5 Ng4 23. Qe4+ g6 24. Qb7 Ne5 25. Rd1 h5 26. Rxd7+ Nxd7 27. Qxd7+ Kh6 28. g4 Kg5 29. h4+ Kh6 30. g5# 1-0

[Event "FRA-chT2 North 0809"]
[Site "France"]
[Date "2009.03.14"]
[Round "8.7"]
[White "Costa, Pierre Jean"]
[Black "L'Huillier, Helene"]
[Result "1/2-1/2"]
[WhiteElo "1884"]
[BlackElo "1961"]
[PlyCount "83"]
[EventDate "2008.10.19"]
[EventType "tourn"]
[EventRounds "11"]
[EventCountry "FRA"]
[SourceTitle "EXT 2010"]
[Source "ChessBase"]
[SourceDate "2010.11.25"]
[SourceVersion "1"]
[SourceVersionDate "2010.11.25"]
[SourceQuality "1"]
[WhiteTeam "Gif sur Yvette"]
[BlackTeam "Le Touquet"]
[WhiteTeamCountry "FRA"]
[BlackTeamCountry "FRA"]

1. e4 e5 2. Nf3 Nc6 3. Bb5 a6 4. Ba4 Nf6 5. 0-0 d6 6. Re1 Be7 7. h3 0-0 8. c3 b5 9. Bb3 Bb7 10. d4 Na5 11. Bc2 Nd7 12. Nbd2 exd4 13. cxd4 d5 14. e5 c5 15. Nf1 Qb6 16. Be3 Nc4 17. dxc5 Bxc5 18. Bxc5 Nxc5 19. Ng3 Ne4 20. Nxe4 dxe4 21. Bxe4 Bxe4 22. Rxe4 Nxb2 23. Qb3 Qc6 24. Rae1 Nc4 25. Nd4 Qc5 26. Qg3 Qc8 27. Rg4 g6 28. Rf4 Kh8 29. Qg5 Qd8 30. Qh6 f6 31. Ne6 Qe7 32. exf6 Rxf6 33. Rxf6 Qxf6 34. Ng5 Qg7 35. Qh4 Rc8 36. Nf3 Rf8 37. Re7 Rf7 38. Re8+ Rf8 39. Re6 a5 40. Re7 Rf7 41. Re8+ Rf8 42. Re7 1/2-1/2

[Event "FRA-chT2 North 0809"]
[Site "France"]
[Date "2009.02.08"]
[Round "7.7"]
[White "L'Huillier, Helene"]
[Black "Goasdoue, Vincent M"]
[Result "0-1"]
[WhiteElo "1961"]
[BlackElo "2144"]
[PlyCount "72"]
[EventDate "2008.10.19"]
[EventType "tourn"]
[EventRounds "11"]
[EventCountry "FRA"]
[SourceTitle "EXT 2010"]
[Source "ChessBase"]
[SourceDate "2010.11.25"]
[SourceVersion "1"]
[SourceVersionDate "2010.11.25"]
[SourceQuality "1"]
[WhiteTeam "Le Touquet"]
[BlackTeam "Arras"]
[WhiteTeamCountry "FRA"]
[BlackTeamCountry "FRA"]

1. d4 g6 2. c4 Bg7 3. Nc3 d6 4. e4 Nc6 5. Be3 e5 6. Nf3 Bg4 7. d5 Nd4 8. Be2 Bxf3 9. Bxf3 c5 10. Qa4+ Kf8 11. Nb5 Qd7 12. Bxd4 exd4 13. 0-0 Nf6 14. b4 a6 15. bxc5 dxc5 16. Qa3 Rc8 17. Nxd4 Ne8 18. Rad1 Nd6 19. Nb3 Nxc4 20. Qc1 b5 21. Be2 Nd6 22. Qf4 Qe7 23. Bg4 Rc7 24. Rfe1 g5 25. Qe3 Be5 26. Na5 h5 27. Bf5 Bd4 28. Qd3 Qf6 29. Nc6 Be5 30. Qe3 Nxf5 31. exf5 Bd6 32. Qe4 g4 33. Ne5 Kg7 34. g3 Re7 35. Nxg4 Rxe4 36. Nxf6 Rxe1+ 0-1

[Event "FRA-chT1B 0708"]
[Site "France"]
[Date "2007.12.15"]
[Round "4.8"]
[White "Cechetto, Lea"]
[Black "L'Huillier, Helene"]
[Result "1-0"]
[WhiteElo "1728"]
[BlackElo "2022"]
[PlyCount "36"]
[EventDate "2007.10.21"]
[EventType "team-tourn"]
[EventRounds "11"]
[EventCountry "FRA"]
[SourceTitle "EXT 2009"]
[Source "ChessBase"]
[SourceDate "2008.11.26"]
[SourceVersion "1"]
[SourceVersionDate "2008.11.26"]
[SourceQuality "1"]
[WhiteTeam "Belfort"]
[BlackTeam "Creteil"]
[WhiteTeamCountry "FRA"]
[BlackTeamCountry "FRA"]

1. e4 e5 2. Nf3 Nc6 3. Bc4 Bc5 4. c3 Nf6 5. d3 d6 6. Nbd2 a6 7. a3 Qe7 8. 0-0 Bg4 9. h3 Bh5 10. Re1 0-0 11. Nf1 h6 12. g4 Bg6 13. Ng3 Qd7 14. Nh4 Bh7 15. Qf3 Ne7 16. Bxh6 Nxe4 17. dxe4 gxh6 18. Nh5 Kh8 1-0

[Event "France-ch U18 Girls"]
[Site "Reims"]
[Date "2004.04.25"]
[Round "9"]
[White "Maupin, Valerie"]
[Black "L'Huillier, Helene"]
[Result "1/2-1/2"]
[WhiteElo "2035"]
[BlackElo "2068"]
[PlyCount "82"]
[EventDate "2004.04.??"]
[EventType "swiss"]
[EventRounds "9"]
[EventCountry "FRA"]
[SourceTitle "EXT 2005"]
[Source "ChessBase"]
[SourceDate "2004.11.15"]
[SourceVersion "1"]
[SourceVersionDate "2004.11.15"]
[SourceQuality "1"]

1. d4 d5 2. c4 c6 3. Nc3 e6 4. Nf3 dxc4 5. a4 Bb4 6. e3 b5 7. Bd2 Bb7 8. axb5 Bxc3 9. Bxc3 cxb5 10. b3 a5 11. bxc4 b4 12. Bb2 Nf6 13. Be2 Nbd7 14. 0-0 0-0 15. Qb3 Qe7 16. Nd2 Bc6 17. Bf3 a4 18. Qd3 Bxf3 19. Nxf3 a3 20. Bc1 Rfb8 21. Qb3 e5 22. Bd2 Ne4 23. Rfb1 Ndc5 24. Qd1 b3 25. dxc5 Nxc5 26. Bc3 Qb7 27. Bxe5 b2 28. Rxa3 Rxa3 29. Rxb2 Rd3 30. Qe2 Rb3 31. Rxb3 Qxb3 32. Bxb8 Qxb8 33. Qd1 h6 34. g3 Qb2 35. Qd5 Qb1+ 36. Kg2 Nd3 37. Ne5 Ne1+ 38. Kh3 Qf5+ 39. g4 Qxf2 40. Qa8+ Kh7 41. Qe4+ Kg8 1/2-1/2

[Event "France-ch U18 Girls"]
[Site "Reims"]
[Date "2004.04.18"]
[Round "1"]
[White "L'Huillier, Helene"]
[Black "Roos, Eliane"]
[Result "1-0"]
[WhiteElo "2068"]
[BlackElo "1750"]
[PlyCount "93"]
[EventDate "2004.04.??"]
[EventType "swiss"]
[EventRounds "9"]
[EventCountry "FRA"]
[SourceTitle "EXT 2005"]
[Source "ChessBase"]
[SourceDate "2004.11.15"]
[SourceVersion "1"]
[SourceVersionDate "2004.11.15"]
[SourceQuality "1"]

1. d4 e6 2. c4 Nf6 3. Nc3 d5 4. Nf3 c6 5. e3 Nbd7 6. Bd3 Bd6 7. 0-0 0-0 8. e4 dxe4 9. Nxe4 Nxe4 10. Bxe4 h6 11. b3 Nf6 12. Bc2 b5 13. cxb5 cxb5 14. Qd3 Bb7 15. Ne5 Be4 16. Qe2 Bxc2 17. Qxc2 Rc8 18. Qe2 Nd5 19. Qxb5 Nc3 20. Qa6 Bxe5 21. dxe5 Qd7 22. Be3 Qd5 23. Rfe1 Rfd8 24. Qxa7 Ra8 25. Qb6 Rxa2 26. Rxa2 Nxa2 27. h3 Nc3 28. b4 Rc8 29. Qd6 Qc4 30. Kh1 Ne4 31. Qd4 Qxd4 32. Bxd4 Nd2 33. Bc5 Nb3 34. Bd6 Rc6 35. f4 f6 36. Kh2 Kf7 37. Re3 Nd2 38. Re2 Nb3 39. Ra2 Nd4 40. Ra7+ Kg8 41. Rb7 Rc8 42. b5 Nf5 43. b6 Nxd6 44. exd6 Rd8 45. d7 Kf8 46. Rc7 Ke7 47. b7 1-0

[Event "Wch U16 Girls"]
[Site "Chalkidiki"]
[Date "2003.10.24"]
[Round "2"]
[White "L'Huillier, Helene"]
[Black "Rogule, Laura"]
[Result "0-1"]
[WhiteElo "2111"]
[BlackElo "2296"]
[PlyCount "56"]
[EventDate "2003.10.23"]
[EventType "swiss"]
[EventRounds "11"]
[EventCountry "GRE"]
[SourceTitle "EXT 2004"]
[Source "ChessBase"]
[SourceDate "2003.11.25"]
[SourceVersion "1"]
[SourceVersionDate "2003.11.25"]
[SourceQuality "1"]

1. d4 d5 2. c4 e6 3. Nf3 Nf6 4. Bg5 Be7 5. Nc3 Nbd7 6. e3 0-0 7. Qc2 b6 8. e4 dxe4 9. Nxe4 Bb7 10. Bxf6 Nxf6 11. Bd3 Bb4+ 12. Kf1 Nxe4 13. Bxe4 Bxe4 14. Qxe4 Bd6 15. g3 Qf6 16. Kg2 Rad8 17. Rhd1 c5 18. dxc5 Bxc5 19. b3 Qb2 20. Rf1 Rfe8 21. Qe5 Qc2 22. Qc7 a5 23. Qc6 e5 24. Ng5 h6 25. Ne4 Bd4 26. Rab1 Re6 27. Rbc1 Qd3 28. Rfd1 Qxd1 0-1

[Event "FRA-chT (Women) 03rd"]
[Site "Evry"]
[Date "2003.02.07"]
[Round "1.2"]
[White "Feuvrier, Stephanie"]
[Black "L'Huillier, Helene"]
[Result "1/2-1/2"]
[WhiteElo "2055"]
[BlackElo "1990"]
[PlyCount "54"]
[EventDate "2003.02.07"]
[EventRounds "7"]
[EventCountry "FRA"]
[SourceTitle "CBM 092 Extra"]
[Source "ChessBase"]
[SourceDate "2003.03.07"]
[SourceVersion "1"]
[SourceVersionDate "2003.03.07"]
[SourceQuality "1"]
[WhiteTeam "Mulhouse (W)"]
[BlackTeam "Creteil (W)"]
[WhiteTeamCountry "FRA"]
[BlackTeamCountry "FRA"]

1. e4 e5 2. Nf3 Nc6 3. d4 exd4 4. Nxd4 Bc5 5. Nxc6 Qf6 6. Qd2 dxc6 7. Bd3 Be6 8. Qf4 Bb6 9. a4 Ba5+ 10. c3 0-0-0 11. Be2 a6 12. 0-0 Bb6 13. Na3 Qg6 14. Nc4 Bxc4 15. Bxc4 Nf6 16. a5 Ba7 17. Be3 Bxe3 18. Qxe3 Qxe4 19. Qxe4 Nxe4 20. Bxf7 Rhf8 21. Be6+ Kb8 22. f3 Nc5 23. Bc4 Rf4 24. b3 Rd2 25. Rad1 Rc2 26. Rc1 Rb2 27. Rb1 Rc2 1/2-1/2

[Event "FRA-ch U16 Girls"]
[Site "Le Grand Bornand"]
[Date "2003.??.??"]
[Round "5.4"]
[White "L'Huillier, Helene"]
[Black "Hamsany, Marie"]
[Result "1-0"]
[WhiteElo "1990"]
[BlackElo "1730"]
[PlyCount "77"]
[EventDate "2003.??.??"]
[EventType "swiss"]
[EventRounds "9"]
[EventCountry "FRA"]
[SourceTitle "EXT 2004"]
[Source "ChessBase"]
[SourceDate "2003.11.25"]
[SourceVersion "1"]
[SourceVersionDate "2003.11.25"]
[SourceQuality "1"]

1. d4 d5 2. c4 c6 3. Nf3 Nf6 4. e3 a6 5. Nc3 Bg4 6. h3 Bxf3 7. gxf3 b5 8. b3 e6 9. c5 Nbd7 10. f4 g6 11. Bb2 Bg7 12. Bd3 0-0 13. Qc2 Nh5 14. 0-0-0 Qf6 15. Ne2 Qh4 16. Ng1 Qf6 17. Kb1 a5 18. a3 a4 19. b4 Qe7 20. Nf3 f6 21. Nh4 f5 22. Nf3 Nhf6 23. h4 Ng4 24. h5 Qe8 25. Ng5 gxh5 26. Qe2 h6 27. Nh3 Kh7 28. f3 Ngf6 29. Rdg1 Rh8 30. Rg3 h4 31. Rg2 Nh5 32. e4 Ng3 33. Rxg3 hxg3 34. exf5 exf5 35. Bxf5+ Kg8 36. Qxe8+ Rxe8 37. Bxd7 Re3 38. Bxc6 Rxf3 39. Bxd5+ 1-0

[Event "FRA-chT2S"]
[Site "France"]
[Date "2002.12.08"]
[Round "4.9"]
[White "Dewitte, Catherine"]
[Black "L'Huillier, Helene"]
[Result "1/2-1/2"]
[WhiteElo "1970"]
[BlackElo "2030"]
[PlyCount "144"]
[EventDate "2002.10.??"]
[EventType "team-tourn"]
[EventRounds "11"]
[EventCountry "FRA"]
[SourceTitle "EXT 2004"]
[Source "ChessBase"]
[SourceDate "2003.11.25"]
[SourceVersion "1"]
[SourceVersionDate "2003.11.25"]
[SourceQuality "1"]

1. d4 e6 2. Nf3 c5 3. g3 Nc6 4. Bg2 Qb6 5. d5 exd5 6. Qxd5 Nf6 7. Qb3 Qxb3 8. axb3 d5 9. 0-0 Bf5 10. Na3 a6 11. Nh4 Bg4 12. Nf3 Be7 13. Rd1 0-0 14. h3 Bd7 15. Bf4 Rad8 16. Ne5 Nxe5 17. Bxe5 Bf5 18. c4 Be4 19. f3 Bf5 20. Bxf6 Bxf6 21. cxd5 Bxb2 22. Ra2 Bd4+ 23. Kh2 b5 24. e4 Bc8 25. Nc2 Bc3 26. Rd3 b4 27. Ne3 f6 28. Ra5 Bd7 29. Rxc5 Bb5 30. Nc4 Rc8 31. Rxc8 Rxc8 32. Bf1 Bxc4 33. bxc4 Rxc4 34. Rd1 Rd4 35. Rxd4 Bxd4 36. Bxa6 b3 37. Bd3 Kf7 38. Kg2 Ke7 39. Kf1 Kd6 40. Ke2 Kc5 41. f4 h6 42. Kf3 Kb4 43. Bb1 Kc3 44. e5 fxe5 45. fxe5 Bxe5 46. g4 Kd4 47. h4 g5 48. hxg5 hxg5 49. Ke2 Kxd5 50. Kd2 Kc4 51. Kc1 Bf4+ 52. Kb2 Be5+ 53. Kc1 Kc3 54. Bf5 Bf4+ 55. Kb1 Be5 56. Bd7 Bd4 57. Be6 Be3 58. Bf5 b2 59. Bd7 Bc1 60. Bf5 Kd4 61. Bc8 Ke5 62. Bd7 Kd6 63. Bf5 Ke5 64. Bc8 Kf4 65. Bd7 Ke3 66. Bc8 Kd4 67. Bd7 Ke5 68. Bf5 Kf6 69. Bc8 Ke7 70. Bf5 Kd6 71. Bc8 Kc5 72. Bf5 Kb4 1/2-1/2

[Event "FRA-ch op-B"]
[Site "Val d'Isere"]
[Date "2002.08.31"]
[Round "10.5"]
[White "L'Huillier, Helene"]
[Black "Muller, Veronique"]
[Result "1-0"]
[WhiteElo "1780"]
[BlackElo "1880"]
[PlyCount "89"]
[EventDate "2002.08.20"]
[EventType "swiss"]
[EventRounds "11"]
[EventCountry "FRA"]
[SourceTitle "EXT 2003"]
[Source "ChessBase"]
[SourceDate "2002.11.25"]
[SourceVersion "1"]
[SourceVersionDate "2002.11.25"]
[SourceQuality "1"]

1. d4 d5 2. c4 e6 3. Nf3 Nf6 4. Nc3 Be7 5. Bg5 0-0 6. e3 h6 7. Bh4 b6 8. Qc2 Bb7 9. cxd5 Nxd5 10. Bg3 c5 11. Rd1 Nxc3 12. bxc3 Qc8 13. Bd3 cxd4 14. cxd4 Bb4+ 15. Ke2 Qxc2+ 16. Bxc2 Nd7 17. Rb1 Ba6+ 18. Bd3 Bxd3+ 19. Kxd3 Be7 20. Rhc1 Rfc8 21. a4 Nf6 22. e4 Ba3 23. Rxc8+ Rxc8 24. Ne5 Nh5 25. Nc4 Be7 26. a5 Nxg3 27. hxg3 Bd8 28. axb6 axb6 29. Rb2 Rb8 30. Ne5 Rb7 31. Nc6 Bc7 32. Kc4 b5+ 33. Rxb5 Rxb5 34. Kxb5 Kf8 35. d5 exd5 36. exd5 Ke8 37. f4 f6 38. Nd4 g5 39. Ne6 Bd6 40. Kc6 Ke7 41. Nd4 Bb4 42. Nf5+ Kd8 43. Nxh6 gxf4 44. gxf4 Bd2 45. Ng8 1-0

[Event "FRA-ch U16 Girls"]
[Site "Hyeres"]
[Date "2002.??.??"]
[Round "7.6"]
[White "Goletto, Laureen"]
[Black "L'Huillier, Helene"]
[Result "1/2-1/2"]
[WhiteElo "1760"]
[BlackElo "1820"]
[PlyCount "161"]
[EventDate "2002.04.05"]
[EventType "swiss"]
[EventRounds "9"]
[EventCountry "FRA"]
[SourceTitle "EXT 2003"]
[Source "ChessBase"]
[SourceDate "2002.11.25"]
[SourceVersion "1"]
[SourceVersionDate "2002.11.25"]
[SourceQuality "1"]

1. e4 e5 2. Nf3 Nc6 3. Bc4 Nf6 4. 0-0 Be7 5. d4 exd4 6. Nxd4 Nxe4 7. Nxc6 bxc6 8. Qg4 d5 9. Qe2 0-0 10. Bd3 Nc5 11. Qf3 Nxd3 12. Qxd3 a5 13. Re1 Bd6 14. Nc3 Ba6 15. Qh3 Qf6 16. Qh5 Qg6 17. Qxg6 fxg6 18. f3 Rfe8 19. Bd2 Bc5+ 20. Kh1 Kf7 21. Bf4 Bb6 22. Na4 Bb7 23. Nxb6 cxb6 24. Bc7 b5 25. Rxe8 Rxe8 26. Bxa5 Re2 27. Rc1 Bc8 28. Kg1 Bf5 29. Kf1 Rxc2 30. Rxc2 Bxc2 31. Ke2 d4 32. Kd2 d3 33. Bc3 g5 34. Bd4 g6 35. Be3 h6 36. Bd4 Ke6 37. Bg7 h5 38. Bd4 Kf5 39. Be3 g4 40. fxg4+ Kxg4 41. Bf2 Kf5 42. Be3 Ke4 43. Bf2 Bb1 44. a3 Ba2 45. Kc3 Be6 46. h3 Bf5 47. Kd2 Kd5 48. g4 Be4 49. gxh5 gxh5 50. h4 Kc4 51. Be3 Kb3 52. Bd4 Bf5 53. Bf6 c5 54. Be5 Kc4 55. Bf6 Kd5 56. Be7 Bg6 57. Bg5 Ke5 58. Be7 Kd4 59. Bf6+ Kc4 60. Be5 Kb3 61. Bf6 c4 62. Be5 Ka4 63. Bd4 Ka5 64. Be5 Kb6 65. Bf6 Kc5 66. Be5 Kd5 67. Bf6 Ke6 68. Bg5 Kd5 69. Bf6 Kd6 70. Bd4 Ke6 71. Bg7 Kf5 72. Bd4 Be8 73. Bg7 Kg4 74. Bf6 Kg3 75. Bg5 Kf2 76. Bf6 Bg6 77. Bg5 Kf3 78. Bf6 Kf2 79. Bg5 Kf3 80. Bf6 Kf2 81. Bg5 1/2-1/2

[Event "FRA-chT 01 (Women)"]
[Site "Clichy"]
[Date "2001.??.??"]
[Round "?"]
[White "Milliet, Sophie"]
[Black "L'Huillier, Helene"]
[Result "1-0"]
[WhiteElo "2157"]
[BlackElo "1610"]
[PlyCount "61"]
[EventDate "2001.02.??"]
[EventType "team-tourn"]
[EventRounds "11"]
[EventCountry "FRA"]
[SourceTitle "CBM 080 Extra"]
[Source "ChessBase"]
[SourceDate "2001.03.08"]
[SourceVersion "1"]
[SourceVersionDate "2001.03.08"]
[SourceQuality "1"]

1. e4 e5 2. Bc4 Nf6 3. d3 c6 4. Nf3 d5 5. Bb3 Bd6 6. Nc3 Be6 7. 0-0 h6 8. Re1 Nbd7 9. d4 0-0 10. exd5 Nxd5 11. dxe5 Nxc3 12. Qxd6 Nb5 13. Qb4 Bxb3 14. axb3 Kh7 15. Bf4 Re8 16. Rad1 Qe7 17. Qe4+ Kg8 18. Qe3 Qe6 19. c4 Nc7 20. h3 h5 21. Rd2 Nf8 22. Red1 Qg6 23. Nh4 Qh7 24. Qg3 Nce6 25. Be3 a5 26. f4 Rad8 27. f5 Rxd2 28. Rxd2 Nc7 29. Rd6 g6 30. fxg6 fxg6 31. Nxg6 1-0